Provincia Italia, Iter formativo, (San Paolo Provincia Italia, n° 1, maggio 2002) (Record n. 98225)

Dettagli MARC
000 -LEADER
fixed length control field 00684nam a22001577a 4500
003 - CONTROL NUMBER IDENTIFIER
control field IT-RoPau
005 - DATE AND TIME OF LATEST TRANSACTION
control field 20220918181102.0
008 - FIXED-LENGTH DATA ELEMENTS--GENERAL INFORMATION
fixed length control field 130312b xxu||||| |||| 00| 0 eng d
040 ## - CATALOGING SOURCE
Transcribing agency IT-RoPau
245 ## - TITLE STATEMENT
Title Provincia Italia, Iter formativo, (San Paolo Provincia Italia, n° 1, maggio 2002)
250 ## - EDITION STATEMENT
Edition statement 1° ed
260 ## - PUBLICATION, DISTRIBUTION, ETC. (IMPRINT)
Place of publication, distribution, etc. Roma
Name of publisher, distributor, etc. SSP Provincia Italia
Date of publication, distribution, etc. 2002
300 ## - PHYSICAL DESCRIPTION
Extent 30 pp.
Dimensions 21 cm
520 ## - SUMMARY, ETC.
Summary, etc. Indice<br/><br/>0. Principi<br/>1. Organismo al servizio della Pastorale Vocazionale Paolina<br/> (PVP)<br/>2. L'animazione vocazionale<br/>L'ammissione in comunità - Vieni e Vedi<br/>3. Formazione di base<br/>Il Prenoviziato<br/>Il Noviziato<br/>Lo Juniorato<br/>4. La Formazione permanente<br/><br/><br/><br/><br/>
942 ## - ADDED ENTRY ELEMENTS (KOHA)
Source of classification or shelving scheme Dewey Decimal Classification
Koha item type LIBRO
Dati di copia
Withdrawn status Lost status Source of classification or shelving scheme Damaged status Not for loan Home library Current library Date acquired Total Checkouts Full call number Date last seen Price effective from Koha item type
    Dewey Decimal Classification Buone Condizioni Not For Loan PAULUS-BIBLIOTECA PAULUS-BIBLIOTECA 12/03/2013   P C3 12/03/2013 12/03/2013 LIBRO
    Dewey Decimal Classification Buone Condizioni Not For Loan PAULUS-BIBLIOTECA PAULUS-BIBLIOTECA 16/04/2013   P C6 16/04/2013 16/04/2013 LIBRO
    Dewey Decimal Classification Buone Condizioni Not For Loan PAULUS-BIBLIOTECA PAULUS-BIBLIOTECA 16/04/2013   P C6 16/04/2013 16/04/2013 LIBRO
    Dewey Decimal Classification Buone Condizioni Not For Loan PAULUS-BIBLIOTECA PAULUS-BIBLIOTECA 16/04/2013   P C6 16/04/2013 16/04/2013 LIBRO
    Dewey Decimal Classification Buone Condizioni Not For Loan PAULUS-BIBLIOTECA PAULUS-BIBLIOTECA 16/04/2013   P C6 16/04/2013 16/04/2013 LIBRO
CREDITS: SOCIETA' SAN PAOLO Via A.Severo, 58 - ROMA (RM) & PERIODICI SAN PAOLO SRL Via Giotto, 36 MILANO & CISF Via Giotto, 36 MILANO & EDIZIONI SAN PAOLO SRL,  Piazza Soncino, 5 CINISELLO BALSAMO (MI) -- ITALY